000 00285 a2200133 4500
001 155818
040 _cEscola São Tomás de Aquino
100 _aBUENO, Elaine
240 1 0 _aProjeto Jimboê
_lpor
245 1 0 _aProjeto Jimboê
300 _a183
697 _aCIÊNCIAS
942 _cBK
999 _c155818
_d155818